000 00904pam a2200277 a 4500
001 016072230
003 OSt
005 20201128021116.0
008 120418s2012 xxka frb 001 0 eng d
020 _a9780230576636 (hbk.)
020 _a023057663X (hbk.)
040 _aStDuBDS
_beng
_cStDuBDS
_dUk
_dEG-ScBUE
082 0 0 _a621.43
_222
_bSTO
100 1 _aStone, Richard,
_d1955-
_922556
245 1 0 _aIntroduction to internal combustion engines /
_cRichard Stone.
250 _a4th ed.
260 _aHoundmills, United kingdom ;
_aNew York, United States :
_bPalgrave Macmillan,
_c2012.
300 _axix, 494 p. :
_bill. ;
_c29 cm.
500 _aIndex : p. 489-494.
500 _aIncludes appendixes.
504 _aIncludes bibliographical reference.
650 0 _aInternal combustion engines
_92696
653 _bENGMEC
_cNovember2014
655 _vreading book
_934232
942 _2ddc
_k621.43 STO
999 _c18544
_d18516